000 00315nam a22001337a 4500
008 171122b xxu||||| |||| 00| 0 eng d
020 _a9780395797044
041 _aeng
080 _26 ED
_a330.722.6
100 _a62
101 _aKON
245 _aWORKING THE COLEGE ACCOUTING
_cBILLE.P.A
942 _2udc
_cBK
999 _c38289
_d38289